[Event "EU-chT (Men) 19th"]
[Site "Warsaw"]
[Date "2013.11.10"]
[Round "3.5"]
[White "Radjabov, Teimour"]
[Black "Swiercz, Dariusz"]
[Result "1-0"]
[WhiteElo "2715"]
[BlackElo "2627"]
[Annotator "Radjabov,T"]
[PlyCount "147"]
[EventDate "2013.11.08"]
[EventType "team-swiss"]
[EventRounds "9"]
[EventCountry "POL"]
[SourceTitle "CBM 158"]
[Source "ChessBase"]
[SourceDate "2014.01.16"]
[SourceVersion "1"]
[SourceVersionDate "2014.01.16"]
[SourceQuality "1"]
[WhiteTeam "Azerbaijan"]
[BlackTeam "Poland"]
[WhiteTeamCountry "AZE"]
[BlackTeamCountry "POL"]

1. d4 {This game proved to be decisive for our team, we finally won with a 2.
5-1.5 score.} Nf6 2. c4 g6 3. Nc3 d5 4. cxd5 Nxd5 5. e4 Nxc3 6. bxc3 Bg7 7. Nf3
c5 8. Rb1 {A very popular line nowadays, along with many other lines of which
recent chess theory is full.} O-O 9. Be2 cxd4 10. cxd4 Qa5+ 11. Bd2 Qxa2 12.
O-O Bg4 13. Be3 $5 (13. Bg5 {is more common, with immense complications and
theory behind it. I have used it myself many times.}) 13... Nc6 14. Rxb7 Rab8
15. Rc7 {15.Rxb8 is an alternative of course, the white rook has just 2
squares here :)} Rfc8 16. Rxc8+ Rxc8 17. h3 Bd7 (17... Bxf3 $5 {I will leave
all the theoretical part for those who love theoretical discoveries.}) 18. d5
Nb4 $5 19. d6 (19. Bd4 {seemed too simple and harmless to me.}) 19... a5 {
This move gives White some chances in complications.} (19... Qe6 20. Ng5 Qxd6
21. Qb3 e6 22. Rd1 Qe7 23. Rxd7 Qxd7 24. Qxb4 Bc3 {and probably there is
enough compensation here, as a pawn is very strong and even endgames with 4-4
with knight and bishop against rook are hard to win.}) (19... exd6 $5 20. Qxd6
Bxh3 $5 {A very interesting try, but Black has to see all the consequences of
course} 21. Qxb4 (21. Bd1 Bf8 $1 22. Qf6 Bg7 $11) 21... Qxe2 22. Re1 Qa6 $1 23.
gxh3 Bc3 24. Qe7 Bxe1 25. Nxe1 {and certainly Black's king position is
vulnerable, the diagonal a1-h8 is weakened, but White's king is not safe
either and material is quite reduced, so a draw is the normal outcome.}) 20.
dxe7 Qe6 21. Bb6 $5 (21. Bg5 $1 {looked good too:} h6 22. Bh4 $1 Be8 $8 (22...
g5 $2 23. Nxg5 $3 (23. Bg3 Qxe7 24. Bd6 Qe6 25. e5 {looked good to me, but
there is an even stronger option}) 23... hxg5 24. Bxg5 $16 Qc6 25. Qd2 {
and just this move, enough for domination! Rd1 next move and Bg4 to follow.})
23. Nd2 {Now Black has to find ...Rc7, and he is still in a worse position.}
Rc7 24. Bg4 $14) 21... Qxe7 (21... a4 22. Ba5 $1 {An important move! Now the
d5-square becomes available for the white queen} (22. Bd8 Be8 23. Ng5 Qc6 24.
Ba5 {with a very sharp fight, which eventually ends in a draw with a lot of
exciting lines} Qb7 (24... a3 25. Bxb4 a2 26. Qd5 a1=Q 27. Rxa1 Bxa1 28. Nf3 {
which is equal, dynamically equal, neither side can make progress here}) 25.
Bg4 Rb8 26. Nxf7 Kxf7 $1 27. Qf3+ Bf6 28. Bxb4 Qxb4 29. e5 Qxe7 30. exf6 Qxf6
31. Qe3 $11) 22... Na2 {and now it's very pretty!} (22... Nc6 23. Bb5 $1 {
and eating the a4-pawn is what White will do on the next move, as:} a3 $2 24.
Bb4 a2 25. Ng5 a1=Q 26. Nxe6 $18 {leaves Black without a single chance of
survival}) 23. Ba6 $1 Rc5 24. Bb6 Rc6 25. Qxa4 $1 Rxb6 26. Rd1 $1 $16) 22. Bxa5
{I'm a pawn up, but the task is far from easy.} Nc6 $6 (22... Na2 $1 {getting
two bishops and enough counterplay for the pawn finally} 23. Qb1 Nc3 24. Bxc3
Rxc3 25. Rd1 $14 {White is certainly better, but converting the e4-pawn with
two bishops, is not an easy task for sure, probably Black's compensation is
enough for a draw.}) 23. Bb6 $16 Ne5 24. Nxe5 (24. Nd2 {was my first intention
but:} Bh6 $1 25. Bd4 Bf4 {and I wasn't sure how to proceed as} 26. Qa1 $3 (26.
g3 Bh6 {with full compensation}) 26... Bxh3 {Compy points out a brilliant
variation:} 27. gxh3 Qg5+ 28. Bg4 Nxg4 29. Nf3 Qh5 30. Kg2 $3 {White is not
even threatening hxg4! But Black is out of moves!} Re8 31. Qa4 Rf8 32. Rb1 Ne5
33. Bxe5 Bxe5 34. Rb5 f6 35. Qa2+ Kh8 36. Qe6 Qh6 37. Rb7 Ba1 38. Qd6 {and
White is almost winning with Rb8 and e5 to follow.}) 24... Bxe5 25. Bd4 (25.
Be3 {This move is much stronger, keeping one pair of bishops helps White, I
thought} Bb8 $5 {Starting to exert pressure along the b8-h2 diagonal} 26. Qd4 {
avoiding any Qe5 ideas and still keeping a healthy e4-pawn} Bc6 27. f3 Qc7 28.
Rc1 {and check on h2 is not a deadly threat, after all!:)}) 25... Bc6 26. Bxe5
Qxe5 27. f3 Bb5 28. Bxb5 Qxb5 29. Qd2 Qb6+ 30. Kh1 Rd8 31. Qg5 {Certainly
White has some chances, but the chances to hold are not worse.} Kg7 32. h4 Qf6
33. Qxf6+ Kxf6 34. Rc1 h5 35. Kh2 Rd2 36. Kg3 Ke6 37. Rf1 {Trying to bring the
king to f4, Rf2 and then Kf4 is the plan} Ra2 38. Rf2 Ra1 39. Kf4 Kf6 40. Rd2
Ra5 41. Rd7 Ra2 42. g3 Ra3 43. Rb7 Kg7 44. Rb6 Rc3 45. Ra6 Rb3 46. Ra5 Rc3 47.
Rg5 Ra3 48. Rd5 Rb3 {Even though it is all looking beautiful, no real progress
is possible without pawn pushes.} 49. g4 hxg4 50. Kxg4 Kf6 51. h5 gxh5+ 52.
Rxh5 Ke6 53. f4 f6 54. Ra5 Rb4 55. f5+ Kf7 56. Ra7+ Kg8 57. Kh5 Rxe4 58. Kg6
Rg4+ 59. Kxf6 {A theoretically drawn position. But the black side has to know
few little tricks on the way.} Rb4 60. Ra8+ Kh7 61. Re8 Rb1 62. Kf7 Ra1 63. f6
Ra7+ 64. Re7 Ra8 {Correct!} 65. Re6 {The last trick...} Ra7+ {And finally
Black makes the decisive mistake. Only two moves were able to hold the balance,
they were ...Rb8 and ...Kh6.} (65... Rb8) (65... Kh6) 66. Kf8 {Now White is
suddenly winning.} Ra8+ 67. Re8 Ra6 68. f7 Ra7 69. Re1 Ra8+ 70. Ke7 Ra7+ 71.
Kf6 Ra6+ 72. Re6 Ra8 73. Re8 Ra6+ 74. Ke5 {And with this sudden end to a long
fight, we had scored an important victory over the strong opposing team.} 1-0

[Event "Beijing Sportaccord rap"]
[Site "Beijing"]
[Date "2013.12.12"]
[Round "1"]
[White "Kamsky, Gata"]
[Black "Radjabov, Teimour"]
[Result "1-0"]
[WhiteElo "2721"]
[BlackElo "2713"]
[PlyCount "79"]
[EventDate "2013.12.12"]
[EventType "swiss (rapid)"]
[EventRounds "7"]
[EventCountry "CHN"]
[SourceTitle "CBM 158"]
[Source "ChessBase"]
[SourceDate "2014.01.16"]
[SourceVersion "1"]
[SourceVersionDate "2014.01.16"]
[SourceQuality "1"]

1. e4 c5 2. Nf3 Nc6 3. d4 cxd4 4. Nxd4 Nf6 5. Nc3 e5 6. Ndb5 d6 7. Bg5 a6 8.
Na3 b5 9. Nd5 Be7 10. Bxf6 Bxf6 11. c4 b4 12. Nc2 O-O 13. Be2 a5 14. O-O Bg5
15. Bg4 Be6 16. Bxe6 fxe6 17. Nde3 Qe7 18. Qe2 a4 19. b3 Rfb8 20. g3 Ra5 21.
Ng2 Rba8 22. h4 axb3 23. axb3 Nd4 24. Qd3 Rxa1 25. Nxa1 Bd2 26. Nc2 Bc3 27.
Nxd4 Bxd4 28. Kh2 Bc5 29. Kh3 Qd7 30. f4 exf4 31. Nxf4 Bd4 32. Ne2 Be5 33. Ng1
Bc3 34. Nf3 e5+ 35. g4 Qc6 36. h5 Rf8 37. Ng5 Rf6 38. Rxf6 gxf6 39. Ne6 Qb6 40.
c5 1-0

[Event "Beijing Sportaccord rap"]
[Site "Beijing"]
[Date "2013.12.12"]
[Round "2"]
[White "Radjabov, Teimour"]
[Black "Ivanchuk, Vassily"]
[Result "1/2-1/2"]
[WhiteElo "2713"]
[BlackElo "2731"]
[PlyCount "77"]
[EventDate "2013.12.12"]
[EventType "swiss (rapid)"]
[EventRounds "7"]
[EventCountry "CHN"]
[SourceTitle "CBM 158"]
[Source "ChessBase"]
[SourceDate "2014.01.16"]
[SourceVersion "1"]
[SourceVersionDate "2014.01.16"]
[SourceQuality "1"]

1. d4 Nf6 2. c4 g6 3. Nc3 Bg7 4. e4 d6 5. Be2 O-O 6. Nf3 e5 7. O-O Nc6 8. d5
Ne7 9. b4 Nh5 10. Re1 a5 11. bxa5 Rxa5 12. a4 Ra8 13. Ba3 Nf4 14. Bf1 b6 15.
Nd2 Kh8 16. Nb5 f5 17. Bb4 Bd7 18. g3 Nh5 19. a5 bxa5 20. Bxa5 Bxb5 21. cxb5
Bh6 22. Qc2 Bxd2 23. Bxd2 Rxa1 24. Rxa1 fxe4 25. Qxe4 Nf6 26. Qc4 Nexd5 27. Bg5
Qd7 28. Bg2 Nb6 29. Qc2 Rf7 30. Ra7 Kg7 31. Qc1 h5 32. h3 Nfd5 33. Be4 Qe6 34.
Kg2 Nc4 35. Bd8 Rd7 36. Bg5 Rf7 37. Bd8 Rd7 38. Bg5 Rf7 39. Bd8 1/2-1/2

[Event "Beijing Sportaccord rap"]
[Site "Beijing"]
[Date "2013.12.12"]
[Round "3"]
[White "Dominguez Perez, Leinier"]
[Black "Radjabov, Teimour"]
[Result "1/2-1/2"]
[WhiteElo "2754"]
[BlackElo "2713"]
[PlyCount "152"]
[EventDate "2013.12.12"]
[EventType "swiss (rapid)"]
[EventRounds "7"]
[EventCountry "CHN"]
[SourceTitle "CBM 158"]
[Source "ChessBase"]
[SourceDate "2014.01.16"]
[SourceVersion "1"]
[SourceVersionDate "2014.01.16"]
[SourceQuality "1"]

1. e4 c5 2. Nf3 Nc6 3. d4 cxd4 4. Nxd4 Nf6 5. Nc3 e5 6. Ndb5 d6 7. Bg5 a6 8.
Na3 b5 9. Nd5 Be7 10. Bxf6 Bxf6 11. c3 Rb8 12. Nc2 Bg5 13. Be2 O-O 14. O-O a5
15. Qd3 Be6 16. Rfd1 b4 17. cxb4 axb4 18. b3 g6 19. Qa6 Qc8 20. Qxc8 Rfxc8 21.
Ba6 Rd8 22. Nc7 Rd7 23. Nxe6 fxe6 24. Bc4 Kf7 25. a3 bxa3 26. Rxa3 Ne7 27. Ra5
d5 28. exd5 exd5 29. Bxd5+ Rxd5 30. Raxd5 Nxd5 31. Rxd5 Rc8 32. Ne1 Rc1 33.
Rxe5 Bd2 34. Kf1 Rb1 35. Re2 Bxe1 36. Rxe1 Rxb3 37. Re3 Rb1+ 38. Ke2 h5 39. Kf3
Kf6 40. Kg3 Rb4 41. Rc3 g5 42. f3 Ra4 43. Rc6+ Kf5 44. Rc5+ Kf6 45. Rb5 h4+ 46.
Kh3 Kg6 47. Re5 Rf4 48. Re4 Kh5 49. Re6 Rf5 50. Rc6 Rf4 51. Rd6 Rf5 52. Re6 Rf4
53. Re3 Rf6 54. Re8 Rf4 55. Rh8+ Kg6 56. Rg8+ Kh5 57. Rh8+ Kg6 58. Rb8 Kh5 59.
Rb7 Kg6 60. Rc7 Kh5 61. Rh7+ Kg6 62. Rh8 Kg7 63. Re8 Kg6 64. Re4 Kh5 65. Re6
Rf5 66. Re4 Rf4 67. g4+ hxg3 68. Kxg3 Rf5 69. Re8 Ra5 70. Rh8+ Kg6 71. Rg8+ Kf5
72. Re8 Ra1 73. Rf8+ Kg6 74. Rg8+ Kf5 75. Rf8+ Kg6 76. Rg8+ Kf5 1/2-1/2

[Event "Beijing Sportaccord rap"]
[Site "Beijing"]
[Date "2013.12.12"]
[Round "4"]
[White "Radjabov, Teimour"]
[Black "Wang, Yue"]
[Result "0-1"]
[WhiteElo "2713"]
[BlackElo "2723"]
[PlyCount "122"]
[EventDate "2013.12.12"]
[EventType "swiss (rapid)"]
[EventRounds "7"]
[EventCountry "CHN"]
[SourceTitle "CBM 158"]
[Source "ChessBase"]
[SourceDate "2014.01.16"]
[SourceVersion "1"]
[SourceVersionDate "2014.01.16"]
[SourceQuality "1"]

1. Nf3 Nf6 2. d4 d5 3. c4 e6 4. cxd5 exd5 5. Nc3 c6 6. Qc2 g6 7. Bg5 Be7 8. e3
Bf5 9. Qc1 Ne4 10. Bxe7 Qxe7 11. Be2 Nd7 12. O-O O-O 13. a3 a5 14. Nxe4 dxe4
15. Nd2 Qg5 16. Re1 h5 17. Bf1 h4 18. b4 axb4 19. axb4 h3 20. g3 Qe7 21. Qb2 b5
22. Qc3 Qd6 23. g4 Rxa1 24. Rxa1 Bxg4 25. Nxe4 Qe6 26. Ng3 Nf6 27. Qc5 Ne4 28.
Nxe4 Qxe4 29. Rc1 Be6 30. Qe5 Qxe5 31. dxe5 Ra8 32. f3 Ra4 33. Rxc6 Rxb4 34.
Kf2 Rb1 35. Bd3 Rh1 36. Bxb5 Rxh2+ 37. Kg1 Rg2+ 38. Kh1 Rf2 39. Bc4 Bxc4 40.
Rxc4 Rxf3 41. Re4 Kf8 42. e6 f5 43. e7+ Ke8 44. Re5 g5 45. e4 g4 46. exf5 g3
47. Re1 Rxf5 48. Kg1 Rf3 49. Kh1 Rf7 50. Rg1 Rg7 51. Ra1 Rxe7 52. Kg1 Kf7 53.
Kf1 Re3 54. Kg1 Kf6 55. Ra6+ Kg5 56. Ra5+ Kf4 57. Ra1 Rd3 58. Rf1+ Ke3 59. Re1+
Kf3 60. Kh1 Kf2 61. Rg1 Ke2 0-1

[Event "Beijing Sportaccord rap"]
[Site "Beijing"]
[Date "2013.12.13"]
[Round "5"]
[White "Le, Quang Liem"]
[Black "Radjabov, Teimour"]
[Result "0-1"]
[WhiteElo "2703"]
[BlackElo "2713"]
[PlyCount "78"]
[EventDate "2013.12.12"]
[EventType "swiss (rapid)"]
[EventRounds "7"]
[EventCountry "CHN"]
[SourceTitle "CBM 158"]
[Source "ChessBase"]
[SourceDate "2014.01.16"]
[SourceVersion "1"]
[SourceVersionDate "2014.01.16"]
[SourceQuality "1"]

1. d4 Nf6 2. c4 g6 3. Nc3 Bg7 4. e4 d6 5. Nf3 O-O 6. Be2 e5 7. O-O Nc6 8. d5
Ne7 9. Ne1 Nd7 10. Be3 f5 11. f3 f4 12. Bf2 g5 13. g4 Ng6 14. Nd3 h5 15. h3 Rf7
16. c5 hxg4 17. hxg4 dxc5 18. Nxc5 Nxc5 19. Bxc5 Bf8 20. b4 Rh7 21. Kg2 Bd7 22.
Qb3 Kg7 23. Rh1 Nh4+ 24. Kf2 Bd6 25. Bb5 Qe7 26. Qc4 Bc8 27. Ba4 a6 28. Bxd6
cxd6 29. b5 Qd8 30. Ke2 Qb6 31. Qd3 Bd7 32. Rab1 a5 33. Nd1 Rc8 34. Nf2 Rhh8
35. Rhc1 Rxc1 36. Rxc1 Ng2 37. Kf1 Rh2 38. Kg1 Ne1 39. Qe2 Rxf2 0-1

[Event "Beijing Sportaccord Basque"]
[Site "Beijing"]
[Date "2013.12.17"]
[Round "3.1"]
[White "Radjabov, Teimour"]
[Black "Wang, Yue"]
[Result "1/2-1/2"]
[WhiteElo "2713"]
[BlackElo "2723"]
[PlyCount "263"]
[EventDate "2013.12.17"]
[EventType "swiss (rapid)"]
[EventRounds "5"]
[EventCountry "CHN"]
[SourceTitle "CBM 158"]
[Source "ChessBase"]
[SourceDate "2014.01.16"]
[SourceVersion "1"]
[SourceVersionDate "2014.01.16"]
[SourceQuality "1"]

1. d4 Nf6 2. c4 e6 3. Nc3 d5 4. cxd5 Nxd5 5. Nf3 c5 6. e4 Nxc3 7. bxc3 cxd4 8.
cxd4 Bb4+ 9. Bd2 Bxd2+ 10. Qxd2 O-O 11. Bc4 Nd7 12. O-O b6 13. Rfe1 Bb7 14. a4
Rc8 15. Bd3 Qc7 16. a5 Rfd8 17. axb6 axb6 18. Ra7 Ra8 19. Rxa8 Rxa8 20. Qb4 h6
21. h3 Rc8 22. Nd2 Qc3 23. Qxc3 Rxc3 24. Bf1 Bc6 25. f3 Rc2 26. Nc4 g5 27. Rb1
Kg7 28. Nxb6 Nxb6 29. Rxb6 h5 30. Bd3 Rd2 31. Bc4 Ba4 32. d5 Rd4 33. Bb5 Rb4
34. d6 Bxb5 35. d7 Rd4 36. Rxb5 Rxd7 37. Rxg5+ Kh6 38. h4 f6 39. Rc5 e5 40. Rd5
Ra7 41. Rd2 Kg6 42. Kf2 Ra4 43. g3 Rb4 44. Ke3 Rb1 45. Kf2 Rb3 46. Re2 Ra3 47.
Kg2 Rb3 48. f4 exf4 49. gxf4 Kf7 50. Ra2 Re3 51. Ra7+ Kf8 52. Ra4 Kf7 53. Ra7+
Kf8 54. Ra5 Rxe4 55. Kf3 Re1 56. Rxh5 Kg7 57. Rc5 Rg1 58. Ke4 Rh1 59. h5 Kh6
60. Ra5 Rh2 61. Ra8 Kg7 62. Ra7+ Kh6 63. Kf5 Rxh5+ 64. Kxf6 Rb5 65. Re7 Rb8 66.
f5 Rf8+ 67. Ke6 Kg5 68. Rg7+ Kh6 69. Rf7 Ra8 70. Rd7 Kg5 71. Rg7+ Kh6 72. Rg6+
Kh7 73. Ke5 Ra5+ 74. Kf4 Ra1 75. Rg2 Ra4+ 76. Kg5 Kg7 77. Re2 Ra1 78. Re7+ Kg8
79. Kg6 Rg1+ 80. Kf6 Rf1 81. Rd7 Rf2 82. Rg7+ Kf8 83. Rd7 Kg8 84. Rd8+ Kh7 85.
Re8 Rf1 86. Re5 Kg8 87. Rd5 Rf2 88. Ke6 Kg7 89. Rd7+ Kf8 90. Kf6 Kg8 91. Rg7+
Kf8 92. Rc7 Kg8 93. Rc8+ Kh7 94. Rc1 Kg8 95. Rg1+ Kf8 96. Kg6 Rf3 97. Rb1 Rg3+
98. Kf6 Kg8 99. Rb8+ Kh7 100. Kf7 Rg7+ 101. Ke6 Ra7 102. Re8 Ra5 103. f6 Ra6+
104. Kf7 Ra7+ 105. Re7 Ra8 106. Rd7 Rb8 107. Ra7 Kh6 108. Re7 Ra8 109. Re8 Ra7+
110. Ke6 Ra6+ 111. Kf5 Ra5+ 112. Re5 Ra8 113. Re1 Ra5+ 114. Ke6 Ra6+ 115. Kf7
Ra7+ 116. Re7 Ra8 117. Re6 Kh7 118. Re5 Ra7+ 119. Re7 Ra8 120. Rd7 Kh6 121. Rd1
Ra7+ 122. Ke6 Ra6+ 123. Ke7 Ra7+ 124. Rd7 Ra8 125. Rd8 Ra7+ 126. Ke6 Ra6+ 127.
Kf7 Ra7+ 128. Ke8 Kg6 129. f7 Rxf7 130. Rd6+ Rf6 131. Ke7 Rxd6 132. Kxd6
1/2-1/2

[Event "Beijing Sportaccord Basque"]
[Site "Beijing"]
[Date "2013.12.17"]
[Round "3.2"]
[White "Wang, Yue"]
[Black "Radjabov, Teimour"]
[Result "1/2-1/2"]
[WhiteElo "2723"]
[BlackElo "2713"]
[PlyCount "126"]
[EventDate "2013.12.17"]
[EventType "swiss (rapid)"]
[EventRounds "5"]
[EventCountry "CHN"]
[SourceTitle "CBM 158"]
[Source "ChessBase"]
[SourceDate "2014.01.16"]
[SourceVersion "1"]
[SourceVersionDate "2014.01.16"]
[SourceQuality "1"]

1. c4 e6 2. Nf3 d5 3. g3 Nf6 4. Bg2 Be7 5. d4 O-O 6. O-O dxc4 7. Qc2 a6 8. a4
Bd7 9. Qxc4 Bc6 10. Bf4 Bd6 11. Bg5 Nbd7 12. Nc3 h6 13. Bxf6 Nxf6 14. a5 Qe7
15. Rfd1 Bd5 16. Qd3 Bxf3 17. Bxf3 c6 18. h4 h5 19. e3 g6 20. Kg2 Kg7 21. Qc4
Rad8 22. Qb3 Rd7 23. Na4 Rdd8 24. Nb6 Rfe8 25. Nc4 Rb8 26. Rd3 e5 27. dxe5 Bxe5
28. Rad1 Qc5 29. Qa4 Bc7 30. Rd4 Be5 31. b4 Qe7 32. R4d3 Bc7 33. Qb3 Rbd8 34.
Qc3 Rxd3 35. Rxd3 Kg8 36. Rd1 Nd7 37. Qd4 Ne5 38. Nxe5 Bxe5 39. Qd7 Bc3 40.
Qxe7 Rxe7 41. Rb1 Rd7 42. Rb3 Bf6 43. Kf1 Rd2 44. Bg2 Be7 45. Bh3 Rd5 46. Bc8
Rb5 47. Rd3 Bxb4 48. Rd7 Bxa5 49. Rxb7 Rxb7 50. Bxb7 c5 51. Bxa6 Kg7 52. Bc4
Bc7 53. Ke2 f5 54. Kf3 Kf6 55. e4 fxe4+ 56. Kxe4 Be5 57. f4 Bc3 58. Kf3 Be1 59.
Bd3 Kg7 60. f5 gxf5 61. Bxf5 c4 62. g4 hxg4+ 63. Kxg4 c3 1/2-1/2

[Event "Beijing Sportaccord Basque"]
[Site "Beijing"]
[Date "2013.12.18"]
[Round "4.2"]
[White "Radjabov, Teimour"]
[Black "Grischuk, Alexander"]
[Result "0-1"]
[WhiteElo "2713"]
[BlackElo "2783"]
[PlyCount "136"]
[EventDate "2013.12.17"]
[EventType "swiss (rapid)"]
[EventRounds "5"]
[EventCountry "CHN"]
[SourceTitle "CBM 158"]
[Source "ChessBase"]
[SourceDate "2014.01.16"]
[SourceVersion "1"]
[SourceVersionDate "2014.01.16"]
[SourceQuality "1"]

1. Nf3 c5 2. e4 d6 3. Bb5+ Nd7 4. c3 Ngf6 5. Qe2 a6 6. Ba4 b5 7. Bc2 Bb7 8. d4
e5 9. O-O Be7 10. a4 O-O 11. Rd1 Qb8 12. d5 c4 13. Nbd2 Nc5 14. Rb1 Nfd7 15.
axb5 axb5 16. Nf1 Ba6 17. Ng3 g6 18. Qd2 Re8 19. Qh6 Bf8 20. Qh4 b4 21. cxb4
Qxb4 22. Ng5 Nf6 23. Nh3 Bg7 24. Bh6 Bc8 25. Bg5 Nfd7 26. Bh6 Nf8 27. Bxg7 Kxg7
28. Qg5 Kh8 29. Qf6+ Kg8 30. Ng5 Qb7 31. Qxd6 Qe7 32. Qxe7 Rxe7 33. Nf3 Bg4 34.
Ne2 Rb7 35. Nc3 Nfd7 36. Rdc1 Bxf3 37. gxf3 Nf6 38. Nd1 Nh5 39. Ne3 Nf4 40. Kf1
Rb4 41. Bd1 Ncd3 42. Rxc4 Rxb2 43. Rxb2 Nxb2 44. Rc1 Nbd3 45. Rb1 Ra2 46. Bc2
Nc5 47. Rc1 Kg7 48. Rd1 h5 49. h4 Rb2 50. Ke1 Kf8 51. Kd2 Rb8 52. Ra1 Ke7 53.
Ra7+ Rb7 54. Ra5 Rc7 55. Rb5 Nb7 56. Nc4 Nd6 57. Nxd6 Kxd6 58. Rb6+ Kc5 59. Rf6
Ng2 60. Ba4 Ra7 61. Be8 Kd4 62. d6 Ra2+ 63. Kc1 Kc3 64. Kb1 Rb2+ 65. Ka1 Ne1
66. Ba4 Rb4 67. d7 Rxa4+ 68. Kb1 Rd4 0-1

[Event "Beijing Sportaccord Basque"]
[Site "Beijing"]
[Date "2013.12.18"]
[Round "5.1"]
[White "Radjabov, Teimour"]
[Black "Kamsky, Gata"]
[Result "0-1"]
[WhiteElo "2713"]
[BlackElo "2721"]
[PlyCount "90"]
[EventDate "2013.12.17"]
[EventType "swiss (rapid)"]
[EventRounds "5"]
[EventCountry "CHN"]
[SourceTitle "CBM 158"]
[Source "ChessBase"]
[SourceDate "2014.01.16"]
[SourceVersion "1"]
[SourceVersionDate "2014.01.16"]
[SourceQuality "1"]

1. Nf3 Nf6 2. c4 c6 3. b3 g6 4. Bb2 Bg7 5. g3 O-O 6. Bg2 d6 7. d4 Bf5 8. O-O
Qc8 9. Re1 Bh3 10. Bh1 h6 11. Nbd2 Nbd7 12. Qc2 Qc7 13. e4 e5 14. c5 dxc5 15.
dxc5 Rfe8 16. Nc4 b6 17. b4 bxc5 18. bxc5 Bf8 19. Rac1 Rab8 20. Ba3 Re6 21. Bg2
Bxg2 22. Kxg2 Rb5 23. Nd6 Rb8 24. Re3 Nxc5 25. Bxc5 Bxd6 26. Rc3 Bxc5 27. Rxc5
Rb4 28. Qd2 Rxe4 29. Qxh6 Re2 30. Qh4 Kg7 31. Qc4 Rb2 32. Kg1 Qb6 33. Rc2 Rb4
34. Qe2 Rb5 35. Rxb5 cxb5 36. h4 e4 37. Ng5 Re7 38. Rc3 Qd4 39. Re3 b4 40. Kg2
a5 41. Qa6 Ng4 42. Re2 Qd5 43. Kh3 e3 44. f3 Nf2+ 45. Kg2 Qd1 0-1

[Event "Beijing Sportaccord Basque"]
[Site "Beijing"]
[Date "2013.12.18"]
[Round "5.2"]
[White "Kamsky, Gata"]
[Black "Radjabov, Teimour"]
[Result "1-0"]
[WhiteElo "2721"]
[BlackElo "2713"]
[PlyCount "107"]
[EventDate "2013.12.17"]
[EventType "swiss (rapid)"]
[EventRounds "5"]
[EventCountry "CHN"]
[SourceTitle "CBM 158"]
[Source "ChessBase"]
[SourceDate "2014.01.16"]
[SourceVersion "1"]
[SourceVersionDate "2014.01.16"]
[SourceQuality "1"]

1. d4 Nf6 2. Nf3 d5 3. c4 e6 4. g3 Be7 5. Bg2 O-O 6. O-O dxc4 7. Qc2 a6 8. a4
Bd7 9. Qxc4 Bc6 10. Nc3 b5 11. Qd3 b4 12. Nb1 Be4 13. Qd1 Nbd7 14. Bg5 c5 15.
Nbd2 Bd5 16. Bxf6 Nxf6 17. dxc5 Bxc5 18. Nb3 Rc8 19. Ne5 Bd6 20. Bxd5 Nxd5 21.
Nd3 f5 22. Rc1 Qe7 23. Qd2 h6 24. Rxc8 Rxc8 25. Rc1 Rc7 26. Nd4 Kh7 27. Rxc7
Bxc7 28. Qc2 Bb6 29. Nc6 Qd6 30. Qc4 a5 31. e4 fxe4 32. Qxe4+ Kg8 33. Nce5 Qe7
34. Kg2 Qe8 35. b3 Bc7 36. Nc4 Qe7 37. h4 Nf6 38. Qa8+ Kh7 39. Nxa5 Bxa5 40.
Qxa5 Qb7+ 41. Kg1 Qf3 42. Qb5 Ne4 43. a5 Nc3 44. Qc4 e5 45. Nc1 e4 46. a6 Qd1+
47. Qf1 Qd4 48. Ne2 Qc5 49. Nf4 Qa5 50. h5 Qa2 51. Qc4 Qa1+ 52. Kg2 Qa2 53.
Qxb4 Nd1 54. Qd4 1-0